Normal view
MARC view
- MAROTZ,R.LYNN
Entry Personal Name
001 - CONTROL NUMBER
- control field: 132365
003 - CONTROL NUMBER IDENTIFIER
- control field: NUST
005 - DATE AND TIME OF LATEST TRANSACTION
- control field: 20251217114447.0
008 - FIXED-LENGTH DATA ELEMENTS
- fixed length control field: 251217|| aca||aabn | a|a d
040 ## - CATALOGING SOURCE
- Original cataloging agency: NUST
- Transcribing agency: NUST
100 ## - HEADING--PERSONAL NAME
- Personal name: MAROTZ,R.LYNN
670 ## - SOURCE DATA FOUND
- Source citation: Work cat.: (NUST): MAROTZ,R.LYNN., HEALTH SAFETY AND NUTRITION FOR THE YOUNG CHILD /, 1985.
